Music Quiz

Random Music or Song Quiz

Lemon Jelly Tracks Quiz Stats

 Plays Quiz not verified by Sporcle

Challenge
Share
Tweet
Embed
Score 0/26 Timer 10:00
0 Plays Today
Album Track % Correct
Lost HorizonsSpace Walk
84.6%
Lemonjelly.kyStaunton Lick
76.9%
Lost HorizonsNice Weather For Ducks
76.9%
Lemonjelly.kyIn The Bath
69.2%
Lost HorizonsRamblin' Man
69.2%
Lost HorizonsReturn To Patagonia
69.2%
Lost HorizonsExperiment Number Six
69.2%
'64-'95'75 AKA Stay With You
69.2%
Lemonjelly.kyHis Majesty King Raam
61.5%
Lemonjelly.kyPage One
61.5%
Lemonjelly.kyCome
61.5%
Lost HorizonsCloser
61.5%
'64-'95'93 AKA Don't Stop Now
61.5%
Album Track % Correct
'64-'95'79 AKA The Shouty Track
61.5%
'64-'95'76 AKA The Slow Train
61.5%
'64-'95'64 AKA Go
61.5%
Lemonjelly.kyHomage To Patagonia
53.8%
Lemonjelly.kyKneel Before Your God
53.8%
Lost HorizonsElements
53.8%
Lost HorizonsThe Curse Of Ka'zar
53.8%
'64-'95'95 AKA Make Things Right
53.8%
Lemonjelly.kyTune For Jack
46.2%
Lemonjelly.kyNervous Tension
46.2%
'64-'95'88 AKA Come Down On Me
46.2%
'64-'95'68 AKA Only Time
46.2%
'64-'95'90 AKA Man Like Me
46.2%

You're not logged in!

Compare scores with friends on all Sporcle quizzes.
OR
Log In

You Might Also Like...

Show Comments

Extras

Top Quizzes Today


Score Distribution

Your Account Isn't Verified!

In order to create a playlist on Sporcle, you need to verify the email address you used during registration. Go to your Sporcle Settings to finish the process.

Report this User

Report this user for behavior that violates our Community Guidelines.

Details: